[Event "Skilling Open CCT 2021"]
[Site "Online"]
[Date "2020.11.19"]
[Round "4.3"]
[White "Firouzja, Alireza"]
[Black "Nepomniachtchi, Ian"]
[Result "1/2-1/2"]
[WhiteElo "2703"]
[BlackElo "2778"]
[Annotator "TA"]
[PlyCount "122"]
[EventDate "2020.11.20"]
[EventType "tourn"]
[EventCountry "NET"]
[Tiebreak "Koya+Number of black wins+Number of wins"]
[SourceTitle "playchess.com"]
[Source "ChessBase"]
[SourceQuality "1"]

{[%evp 17,122,0,0,0,0,0,20,10,18,22,15,22,33,27,98,74,93,4,4,4,8,6,7,7,99,100,
102,95,254,255,718,718,710,711,669,676,700,682,1322,1025,5497,5497,5497,5489,
6287,6287,912,533,416,99,478,96,100,9,6,8,8,0,0,0,0,0,0,0,0,0,0,0,0,-19,-15,
-13,0,0,0,0,0,-33,-28,-28,-23,-41,0,0,0,0,0,0,0,0,0,0,0,0,-8,-8,-8,-8,-8,-8,-8,
-8,-8,-8,-8,-8,-8]} 1. d4 Nf6 2. Nf3 g6 3. c4 Bg7 4. h3 O-O 5. Nc3 d5 6. cxd5
Nxd5 7. e4 Nxc3 8. bxc3 c5 9. Be2 b6 10. Be3 {D85: Exchange Grünfeld: Unusual
White 7th moves and lines with 7 Nf3.} Bb7 11. Qd3 Qd7 12. O-O Ba6 13. Qd2 Qa4
{[#]} 14. Rac1 $146 ({Predecessor:} 14. Bxa6 Nxa6 15. Bh6 cxd4 16. Bxg7 Kxg7
17. cxd4 Rac8 18. h4 Nb4 19. h5 Rfd8 20. Rad1 Qa5 21. h6+ Kg8 22. d5 e6 23. Qd4
e5 24. Qxe5 f6 25. Qe6+ {1-0 (25) Shipov,S (2593)-Harikrishna,P (2599)
playchess.com INT 2004}) 14... Rd8 15. Bg5 cxd4 (15... Nc6 $11 {keeps the
balance.}) 16. cxd4 $16 Bxd4 17. Bxa6 ({White should try} 17. Nxd4 $16 {
Black must now prevent Rfd1.} Rxd4 {[%mdl 64] Double Attack} 18. Qb2) 17...
Nxa6 $11 18. Bxe7 Rd7 19. Nxd4 Rxe7 20. Nf5 Rd7 (20... gxf5 $2 21. Qg5+ Kf8 22.
exf5 $18) (20... Rxe4 $11 {remains equal.} 21. Nh6+ Kg7) 21. Nh6+ $16 Kg7 22.
Qf4 {And now Ng4 would win.} f5 $2 (22... Nc7 $16) 23. Qg5 $1 $18 ({Weaker is} 
23. Nxf5+ gxf5 24. Qe5+ (24. Qxf5 Re8 $17) 24... Kg8 $11) 23... fxe4 $2 (23...
Nc5) 24. Ng4 $1 Kh8 25. Qf6+ $1 Rg7 26. Rc6 $1 Qa3 {[#]} 27. Rd6 $1 {[%cal
Rd6d8]} h5 28. Ne5 {Threatening mate with Rd7.} Kg8 29. Nxg6 Re8 30. Rfd1 {
White wants to mate with Rd8.} e3 31. Rd8 exf2+ 32. Qxf2 Nc7 33. R8d7 $2 (33.
Qf6 $18 {and the rest is easy. Intending R1d7 and mate.} Qe3+ 34. Kh2) 33...
Ne6 $2 {[%mdl 8192]} (33... Qc5 $16 {is more resistant.} 34. Qxc5 bxc5) 34.
Rxg7+ $2 (34. Kh2 $18 {and White stays clearly on top.} Qc3 35. R1d3 Qxd3 36.
Rxd3 Rxg6 {[#]} 37. Qf5 $1 {[%mdl 512]}) 34... Nxg7 $16 35. Nf4 (35. Rd7 $16 {
White threatens Qf7+ and mate.} Qe3 36. Qxe3 (36. Rxa7 Nf5 $16) 36... Rxe3 37.
Rxa7) 35... Rf8 $132 {[%mdl 2048] Black is fighting back} 36. Qd2 Qc5+ 37. Kh1
Qg5 38. Qd5+ Qxd5 39. Nxd5 {[%mdl 4096] Endgame KRN-KRN} Rf2 40. a4 Ra2 41. Rd4
Kf7 42. Re4 Nf5 {Hoping for ...Ng3+.} 43. Kh2 h4 44. Nc3 Ra1 45. Ne2 Kf6 46.
Ng1 a5 47. Rf4 Rb1 48. Nf3 Rb4 49. Rg4 Rxg4 50. hxg4 $15 {KN-KN. The position
is equal.} Nd6 51. Kh3 b5 52. axb5 Nxb5 53. g5+ Kg6 {aiming for ...a4.} 54.
Kxh4 a4 {Strongly threatening ...a3.} 55. Ne5+ Kg7 {...a3 is the strong threat.
} 56. Nc4 a3 {[#]} 57. Nxa3 $1 {[%mdl 512]} Nxa3 58. g6 Nb5 59. g4 Nd6 60. g5
Kxg6 61. Kg3 Kxg5 {White really could win this.  Weighted Error Value: White=0.
40/Black=0.33} 1/2-1/2

[Event "Skilling Open CCT 2021"]
[Site "Online"]
[Date "2020.11.19"]
[Round "4.4"]
[White "Aronian, Levon"]
[Black "Svidler, Peter"]
[Result "1/2-1/2"]
[WhiteElo "2778"]
[BlackElo "2742"]
[Annotator "TA"]
[PlyCount "73"]
[EventDate "2020.11.20"]
[EventType "tourn"]
[EventCountry "NET"]
[Tiebreak "Koya+Number of black wins+Number of wins"]
[SourceTitle "playchess.com"]
[Source "ChessBase"]
[SourceQuality "1"]

{[%evp 9,73,18,18,0,0,0,0,-7,6,0,12,-18,-11,0,-7,0,-9,-25,-23,-35,-35,-37,-37,
-37,-37,-37,-27,-32,-28,-25,-23,-31,-25,-56,-35,-44,0,0,0,0,0,0,0,0,0,0,0,0,0,
0,0,0,0,0,0,0,0,-8,8,8,8,8,8,8,8,8]} 1. e4 c5 2. Nf3 d6 3. d4 cxd4 4. Qxd4 Nc6
5. Qe3 g6 6. Bc4 {B53: Sicilian: 2...d6: Lines with Qxd4.} Bg7 7. h3 Nf6 8. Nc3
O-O 9. O-O Na5 $5 {[%mdl 4] [#] An interesting side line.} 10. Bb3 $146 ({
Predecessor:} 10. Be2 Qc7 11. Rd1 Nc4 12. Qd3 Be6 13. b3 Na5 14. Bd2 a6 15.
Rac1 Nc6 16. Nd5 {1-0 (50) Zubov,A (2607)-Idani,P (2581) Abu Dhabi 2019}) 10...
b6 {[%cal Bb7b6,Bb6b5,Bb5b4][%mdl 32]} 11. Rd1 Nxb3 12. axb3 Qc7 13. Qf4 Bb7
14. Qh4 b5 15. Bg5 b4 16. Nb5 Qxc2 {[%mdl 64] [#] Double Attack} 17. Nxd6 $1
exd6 18. Bxf6 Qxe4 19. Qxe4 Bxe4 20. Bxg7 Kxg7 21. Ne1 a5 22. Rxd6 Rfd8 23.
Rxd8 {The position is equal.} Rxd8 $11 {[%mdl 4096] Endgame KRB-KRN} 24. f3 Bf5
{Strongly threatening ...Rd2.} 25. Rxa5 Rd2 26. Rb5 Rxb2 (26... Re2 $5 27. Kf1
$8 Rxb2 $11) 27. Rxb4 Be6 28. Nd3 Rxb3 29. Rxb3 Bxb3 {KB-KN} 30. h4 h6 (30...
Bc4 $5 {[%cal Rc4d3]} 31. Nc5 Bb5 $11) 31. Kf2 g5 32. hxg5 hxg5 33. f4 Bd5 34.
fxg5 Bxg2 35. Kxg2 {[#] White threatens Nf4 and mate.} Kg6 36. Ne5+ Kxg5 37.
Nxf7+ {Weighted Error Value: White=0.05/Black=0.04} 1/2-1/2

[Event "Skilling Open CCT 2021"]
[Site "Online"]
[Date "2020.11.19"]
[Round "4.5"]
[White "Duda, Jan-Krzysztof"]
[Black "So, Wesley"]
[Result "0-1"]
[WhiteElo "2774"]
[BlackElo "2741"]
[Annotator "TA"]
[PlyCount "116"]
[EventDate "2020.11.20"]
[EventType "tourn"]
[EventCountry "NET"]
[Tiebreak "Koya+Number of black wins+Number of wins"]
[SourceTitle "playchess.com"]
[Source "ChessBase"]
[SourceQuality "1"]

{[%evp 13,116,9,9,2,3,6,4,13,11,8,6,10,12,10,19,0,0,0,6,0,0,0,0,0,0,0,0,0,0,0,
0,0,0,0,0,-71,-68,-95,-42,-79,-88,-79,-68,-79,-56,-46,-54,-133,-59,-176,-183,
-185,-135,-128,-127,-127,-133,-312,-313,-293,-294,-310,-297,-366,-357,-336,
-227,-389,-332,-340,-340,-327,-295,-380,-233,-240,-232,-247,-235,-216,-168,
-244,-266,-814,-808,-808,-809,-729,0,-237,0,-712,-680,-29975,-29976,-29971,
-29971,-29971,-29972,-5803,-5862,-29984,-29985,-29993,-29994]} 1. d4 Nf6 2. c4
e6 3. Nf3 d5 4. Nc3 Be7 5. Bf4 O-O 6. e3 Nbd7 7. c5 Nh5 8. Bd3 {D37: Queen's
Gambit Declined: 5 Bf4.} Nxf4 9. exf4 b6 10. b4 {The position is equal.} a5 11.
a3 c6 12. O-O Ba6 {is now debated instead of 12...Qc7.} 13. g3 Bf6 14. Qe2 Bxd3
15. Qxd3 Ra7 {[%cal Ba8a7,Ba7b7,Bb7b5][%mdl 32] [#]} 16. Ra2 $146 ({
Predecessor:} 16. Na4 axb4 17. axb4 Qa8 18. Nxb6 Nxb6 19. Rxa7 Qxa7 20. cxb6
Qxb6 21. Rc1 g6 22. Qc3 {1/2-1/2 (42) Sjugirov,S (2662)-Radjabov,T (2758)
Khanty-Mansiysk 2019}) 16... Qa8 {Threatens to win with ...axb4.} 17. Rfa1 Rb8
18. Qc2 Rab7 19. Kg2 bxc5 20. bxc5 Qa6 21. Na4 Rb5 22. Re1 Qb7 23. f5 Nf8 24.
g4 (24. Nb6 $11) 24... Qc7 $17 25. h3 h6 ({Black should try} 25... Rb3 $17 {
...Rxf3! is the strong threat.} 26. Re3 Rxe3 27. fxe3 exf5 28. gxf5 Re8) 26.
Nc3 R5b7 27. Re3 exf5 28. gxf5 Bg5 29. Nxg5 hxg5 30. Qd1 ({Better is} 30. Rg3
$15) 30... Qf4 (30... g6 $1 $17 31. Rg3 Qf4) 31. Qg4 {[#]} ({White should play
} 31. Rf3 $15 Qh4 32. Rg3) 31... g6 $1 $19 32. Rg3 Rb2 $40 {[%mdl 128] ( -> ...
Qxf2+). Black goes for the king.} 33. Rxb2 Rxb2 34. Qxf4 gxf4 $17 {[%mdl 4096]
Endgame KRN-KRN} 35. Rf3 $2 (35. Rd3 $17) 35... gxf5 $19 36. Na4 Rd2 37. Nb6
Rxd4 38. Nc8 {intending Ne7+.} Ng6 {Hoping for ...Nh4+.} 39. Rb3 Kg7 40. Nd6 $2
(40. Na7) 40... Nh4+ 41. Kf1 f3 {[%cal Rd4d1]} 42. Rb1 Rd3 43. a4 Rc3 44. Nb7
Ng6 45. Nxa5 {[#]} Ne5 $1 ({Much less strong is} 45... Rxc5 46. Nb3 $17) 46.
Nb3 Nd3 47. a5 (47. Nd4 {was worth a try.}) 47... Rc2 ({Worse is} 47... Nxc5
48. Nxc5 Rxc5 49. Ra1 $11) 48. a6 $2 (48. Rd1 Rb2 49. Nd2) 48... Rxf2+ 49. Kg1
Rg2+ 50. Kf1 Rf2+ $2 (50... Nf4 51. Nd4 Nxh3 52. Nxf3 Rf2+ {[%mdl 64] Double
Attack} 53. Ke1 Rxf3) 51. Kg1 Rg2+ $2 (51... Re2 52. a7 Re1+ {[%mdl 64] Double
Attack} 53. Kh2 f2) 52. Kf1 Nf4 53. a7 Nxh3 {[%csl Gh3][%cal Rg2g1]} 54. Ke1
Rg1+ 55. Kd2 Rxb1 56. a8=Q f2 57. Qb8 f1=Q 58. Qe5+ Kh7 {Weighted Error Value:
White=0.51/Black=0.28} 0-1

[Event "Skilling Open CCT 2021"]
[Site "Online"]
[Date "2020.11.19"]
[Round "4.6"]
[White "Ding, Liren"]
[Black "Vidit, Santosh Gujrathi"]
[Result "1/2-1/2"]
[WhiteElo "2836"]
[BlackElo "2636"]
[Annotator "TA"]
[PlyCount "173"]
[EventDate "2020.11.20"]
[EventType "tourn"]
[EventCountry "NET"]
[Tiebreak "Koya+Number of black wins+Number of wins"]
[SourceTitle "playchess.com"]
[Source "ChessBase"]
[SourceQuality "1"]

{[%evp 13,173,-7,-9,-4,1,-25,0,0,8,0,0,-7,0,0,0,0,47,47,47,47,54,47,53,47,46,
56,74,72,76,82,86,85,85,85,85,85,85,85,92,93,93,97,98,102,96,106,120,126,126,
117,123,112,108,68,62,68,88,75,74,81,73,75,78,42,61,40,53,14,11,0,35,0,7,0,42,
35,68,52,52,61,35,32,12,0,18,34,79,82,78,85,110,41,93,78,108,108,108,108,108,
108,108,118,124,108,108,108,116,112,218,143,208,178,558,564,518,533,318,116,
116,116,116,116,116,116,116,116,116,116,116,116,116,116,116,116,116,49,49,49,
49,49,49,49,49,30,30,30,30,30,30,30,30,0,0,0,0,0,0,0,0,0,0,0]} 1. e4 e5 2. Nf3
Nc6 3. Bb5 a6 4. Ba4 Nf6 5. Bxc6 dxc6 6. d3 Bd6 7. Nbd2 {[%cal Bb1d2,Bd2f1,
Bf1e3][%mdl 32]} Be6 8. b3 {C77: Ruy Lopez: 3...a6 4 Ba4 Nf6, unusual lines.}
Nd7 {[#]} 9. Nf1 $146 ({Predecessor:} 9. Bb2 O-O 10. O-O Qe7 11. Nc4 f6 12. Ne3
Rad8 13. Nf5 Qf7 14. Qe2 Rfe8 15. Rad1 c5 {1/2-1/2 (26) Potapov,P (2489)
-Nesterov,A (2484) Sochi 2019}) 9... a5 10. a4 Bg4 11. Ne3 Bb4+ 12. Kf1 Bxf3
13. Qxf3 Bc3 14. Rb1 Qf6 15. Qxf6 Nxf6 16. Ke2 Nd7 17. Bd2 Bxd2 18. Kxd2 Nc5
19. g3 O-O-O {next ...Nxe4+ is good for Black.} 20. Kc3 b6 21. f4 exf4 22. gxf4
Ne6 23. f5 Nd4 24. Rbf1 Rd7 25. Rf2 c5 26. h4 g6 27. Rg1 Re8 28. h5 Rd6 29.
Rgg2 Nc6 30. fxg6 fxg6 31. Rf7 Re7 32. Rf8+ Kb7 33. Nd5 Red7 $1 34. Nf6 Rd8 35.
Rxd8 Nxd8 36. hxg6 hxg6 $16 {[%mdl 4096] Endgame KRN-KRN} 37. Nd5 Nf7 38. Rf2
Ne5 39. Rf8 Rd7 40. Re8 Nf3 41. Rf8 Ne5 42. Re8 Nf3 $1 43. Rf8 Nd4 44. Rg8 Rh7
45. Rxg6 Rh2 {[%csl Gd4][%cal Rh2c2]} 46. Ne3 Re2 47. Rg3 Kc6 48. Rh3 Kd7 49.
Kb2 Kc6 {[#]} 50. Kc1 $1 Rf2 {[#]} 51. Kd1 $1 Kb7 52. Rh7 (52. Ke1 $16 Re2+ 53.
Kf1) 52... Kc6 (52... Rf3 $14) 53. Rg7 Rh2 54. Rg6+ Kd7 55. Rg2 Rh1+ 56. Kd2
Nf3+ 57. Kc3 Nd4 58. Nd5 Ne6 59. Rf2 Rc1 60. Rh2 Rf1 (60... Nd4 $16 61. Rg2 Kc6
) 61. Kc4 {Cut Off at move 61} Rc1 (61... Ng5 $16 {is a better defense.} 62.
Rh5 Rg1) 62. c3 Kd6 $2 (62... Ng5 {is tougher.} 63. Rh5 Nf3) 63. Rh6 $18 Kd7
64. Rh7+ Kd6 65. e5+ $2 (65. Nf6 $18 {is more deadly.}) 65... Kxe5 $16 66. Nxc7
Nxc7 67. Rxc7 {aiming for Rc6. KR-KR} Kd6 68. Rh7 Kc6 69. Rh2 Kc7 70. Rh4 Kc6
71. Rh6+ Kc7 72. Rg6 Rc2 73. Rg5 Rc1 74. d4 ({Better is} 74. Rg7+ $16 Kd6 75.
Rg5) 74... cxd4 $14 75. Kxd4 Rb1 76. Kc4 Kc6 77. Rg6+ Kb7 78. b4 axb4 79. cxb4
Rh1 80. Rg7+ Kc6 81. b5+ Kd6 82. Rb7 Rh4+ {The position is equal.} 83. Kb3 Rh3+
84. Kb4 (84. Ka2 $5 {[%cal Rb7b6]} Rh2+ 85. Kb1 Rh1+ 86. Kc2 Rh2+ 87. Kd3 Rh3+
88. Ke4 Rh4+ 89. Kf5 Rxa4 90. Rxb6+ Kc5 91. Rh6 $11) 84... Rh4+ 85. Kb3 Rh3+
86. Kb4 Rh4+ 87. Kb3 {Blacks defense is rewarded with a draw.  Weighted Error
Value: White=0.06/Black=0.10} 1/2-1/2

[Event "Skilling Open CCT 2021"]
[Site "Online"]
[Date "2020.11.19"]
[Round "4.7"]
[White "Giri, Anish"]
[Black "Le, Quang Liem"]
[Result "1-0"]
[WhiteElo "2731"]
[BlackElo "2744"]
[Annotator "TA"]
[PlyCount "121"]
[EventDate "2020.11.20"]
[EventType "tourn"]
[EventCountry "NET"]
[Tiebreak "Koya+Number of black wins+Number of wins"]
[SourceTitle "playchess.com"]
[Source "ChessBase"]
[SourceQuality "1"]

{[%evp 11,121,24,18,26,26,-12,27,31,35,38,37,4,16,9,10,8,19,10,25,18,56,59,68,
73,67,65,92,16,20,13,17,21,16,23,30,34,29,25,28,18,26,24,36,35,40,37,29,41,42,
29,36,36,37,25,40,24,33,27,43,43,43,43,43,48,61,51,68,68,68,59,84,97,269,260,
296,128,352,352,352,351,415,409,499,391,579,537,762,617,587,583,528,518,1257,
1141,939,464,29967,29966,29974,29976,29978,29979,29980,29981,29981,29982,29982,
29983,29984,29982,29983,29983]} 1. d4 Nf6 2. c4 e6 3. Nf3 d5 4. Nc3 c5 5. cxd5
cxd4 6. Qxd4 exd5 7. e4 {D41: Queen's Gambit Declined: Semi-Tarrasch with 5
cxd5.} dxe4 8. Qxd8+ Kxd8 9. Ng5 {[%mdl 64] [#] Double Attack. White has an
edge.} Be6 10. Nxe6+ fxe6 11. Bd2 $5 {[%mdl 4] A promising side line.} Nc6 {[#]
} 12. O-O-O $146 ({Predecessor:} 12. Rd1 Ke7 13. Bb5 Nd4 14. Ba4 e5 15. O-O a6
16. Rde1 b5 17. Bd1 Rd8 18. Bc1 {0-1 (57) Rajkovic,D (2215)-Nonkovic,B (2061)
Belgrade 2014}) 12... Ke8 13. Bb5 Rc8 14. Rhe1 Kf7 15. Kb1 Nd4 16. Bf1 Be7 17.
Nxe4 Nxe4 18. Rxe4 Rhd8 19. Rc1 (19. g4 $16) 19... Rxc1+ $11 20. Bxc1 Bf6 21.
Re1 a6 22. Rd1 Nc6 23. Rxd8 Bxd8 {[%mdl 4096] Endgame KBB-KBN} 24. Be3 Bf6 25.
Bd2 Ke7 26. Bd3 h6 27. Be4 Kd6 28. Kc2 b6 29. b4 b5 30. a3 Kc7 31. f4 Nd8 32.
Bg6 e5 33. Be4 exf4 34. Bxf4+ Kd7 35. Bf5+ Kc6 36. Bc8 Nb7 37. Kb3 Bd4 38. a4
bxa4+ 39. Kxa4 Kb6 40. Kb3 Kc6 41. h4 Kb6 $2 {[#]} (41... h5 $16) 42. h5 $18
Bf6 43. Bh2 (43. Kc4 $18 {is the precise move to win.}) 43... Nd8 $2 {A
mistake that costs the game.} (43... Kc6 $16 44. g4 Kb6) 44. Bg1+ Kc7 45. Bxa6
Ne6 46. Kc4 Nf4 47. g4 Be5 (47... Ne2 {was called for.}) 48. b5 {[%cal Bb4b5,
Bb5b6][%mdl 32]} g6 49. hxg6 Nxg6 50. Kd5 Bg3 51. b6+ Kb8 (51... Kd7 $142 52.
Be3 Ne7+ 53. Kc5 Bd6+ 54. Kb5 Ng6) 52. Ke4 Ne5 53. Kf5 Nf3 (53... Nf7 $18 54.
Be3 Bh2) 54. Be3 {White mates.} Nh4+ 55. Ke4 Ng6 56. Bxh6 Bf2 57. Be3 Bxe3 58.
Kxe3 Ne5 59. g5 Nd7 60. b7 Ka7 61. g6 {Weighted Error Value: White=0.12/
Black=0.33} 1-0

[Event "Skilling Open CCT 2021"]
[Site "Online"]
[Date "2020.11.19"]
[Round "4.8"]
[White "Karjakin, Sergey"]
[Black "Nakamura, Hikaru"]
[Result "0-1"]
[WhiteElo "2709"]
[BlackElo "2829"]
[Annotator "TA"]
[PlyCount "64"]
[EventDate "2020.11.20"]
[EventType "tourn"]
[EventCountry "NET"]
[Tiebreak "Koya+Number of black wins+Number of wins"]
[SourceTitle "playchess.com"]
[Source "ChessBase"]
[SourceQuality "1"]

{[%evp 12,64,6,8,23,19,20,12,18,19,26,19,17,16,42,18,18,20,59,60,58,2,3,0,-11,
-22,-9,-51,-31,-212,-205,-219,-211,-300,-307,-395,-412,-610,-436,-519,-509,
-1082,-1065,-961,-918,-1812,-1759,-1734,-1712,-1719,-1731,-1571,-1567,-1315,
-1071]} 1. e4 e5 2. Bc4 Nc6 3. Nc3 Nf6 4. d3 Bb4 5. Nf3 d6 6. O-O Bxc3 7. bxc3
Be6 {C28: Vienna Game: 2...Nf6 3 Bc4 Nc6.} 8. Bb3 h6 9. Re1 O-O {The position
is equal.} 10. h3 {[#]} Ne7 $146 ({Predecessor:} 10... Qe7 11. Ba3 Nh7 12. Qe2
Rad8 13. d4 Bxb3 14. cxb3 a6 15. Rad1 f5 16. d5 fxe4 17. Qxe4 {0-1 (27) Srba,D
(1145)-Ruzicka,O (1168) Kouty nad Desnou 2020}) 11. Nh4 c5 12. Qf3 Kh7 13. g4
Nfg8 14. g5 c4 15. dxc4 Rc8 16. Nf5 (16. Rb1 $14) 16... Qd7 17. c5 dxc5 {
aiming for ...c4.} 18. Rd1 Qc6 {Strongly threatening ...Nxf5.} 19. Nxe7 Nxe7
20. gxh6 $2 {[#] Now White is beyond hope.} ({White should play} 20. Bxe6 $15
Qxe6 21. Qg4) 20... c4 $1 $19 21. hxg7 Kxg7 22. Ba3 (22. Qh5 $142 Rh8 23. Qxe5+
f6 24. Qd6 (24. Qg3+ $2 Kf7 $19)) 22... Ng6 23. Bxf8+ Rxf8 24. h4 (24. Bxc4
$142 Qxc4 25. Rd3) 24... Nxh4 {Black is clearly winning.} 25. Qg3+ Ng6 26. f3 (
26. Rd2 $142 cxb3 27. axb3) 26... cxb3 27. axb3 Rh8 28. c4 Qc5+ 29. Kf1 Kf6 {
[#] ( -> ...Nf4)} 30. Qg1 Bh3+ 31. Ke2 Nf4+ 32. Kd2 Rd8+ {Weighted Error Value:
White=0.67/Black=0.13} 0-1

[Event "Skilling Open CCT 2021"]
[Site "Online"]
[Date "2020.11.19"]
[Round "5.1"]
[White "Nakamura, Hikaru"]
[Black "Vachier-Lagrave, Maxime"]
[Result "1/2-1/2"]
[WhiteElo "2829"]
[BlackElo "2860"]
[Annotator "TA"]
[PlyCount "92"]
[EventDate "2020.11.20"]
[EventType "tourn"]
[EventCountry "NET"]
[Tiebreak "Koya+Number of black wins+Number of wins"]
[SourceTitle "playchess.com"]
[Source "ChessBase"]
[SourceQuality "1"]

{[%evp 26,92,24,24,50,40,41,32,42,29,20,17,23,22,22,21,25,21,20,17,22,22,25,27,
27,8,8,8,8,0,0,0,0,0,0,-8,21,17,48,49,107,110,106,100,104,89,109,107,93,51,58,
51,69,32,45,22,23,23,22,26,33,0,18,0,29,0,0,0,30]} 1. e4 c5 2. Nf3 d6 3. d4
cxd4 4. Nxd4 Nf6 5. Nc3 Nc6 6. Bg5 e6 7. Qd2 a6 8. O-O-O Bd7 9. f4 Be7 10. Nf3
b5 11. e5 b4 12. exf6 bxc3 13. Qxc3 gxf6 14. Bh4 Rg8 {B68: Sicilian:
Richter-Rauzer: 7...a6 8 0-0-0 Bd7 9 f4 Be7 .} 15. Kb1 Rb8 {[#]} 16. h3 $146 ({
Predecessor:} 16. Rg1 Qb6 17. Be2 f5 18. Bxe7 Kxe7 19. b3 Rgc8 20. Qg7 Nb4 21.
Ng5 Be8 22. Nxh7 {1/2-1/2 (29) Volokitin,A (2634)-Salgado Lopez,I (2624)
Germany 2018}) 16... Qa5 {[#] White must now prevent ...Qxc3.White is slightly
better.} 17. Qxa5 Nxa5 18. Bxa6 Rxg2 19. Rhg1 Rg6 $1 20. f5 exf5 21. Bg3 Nc6
22. Bxd6 Bxd6 23. Rxd6 Rxg1+ 24. Nxg1 Ke7 25. Rd1 f4 26. Rf1 Rg8 27. Ne2 Bxh3
28. Re1 f3 {And now ...f2 would win.} 29. Ng1+ Be6 30. Nxf3 Nb4 31. Bb5 Nxa2
32. c3 Rg3 (32... Rc8 $14) 33. Nd4 $16 {Strongly threatening Nf5+.} Nxc3+ {[#]}
34. Kc2 $1 Nxb5 35. Nf5+ $1 {[%mdl 64] Double Attack} Kd7 36. Nxg3 {[%mdl 4096]
Endgame KRN-KBN} f5 37. Rf1 {[%mdl 1024] White has strong compensation.} Kd6
38. Kd3 ({But not} 38. Nxf5+ $2 Bxf5+ 39. Kd2 Ke5 $19) 38... Ke5 39. Nh5 Bd5
40. Rc1 Nd4 41. Rc5 {Threatens to win with Nf6!} Nb3 42. Rb5 {Hoping for Nf4!}
Nd4 43. Rb8 Ne6 44. Rb5 Nd4 $1 {[%cal Rd4b5]} 45. Rc5 Nb3 $1 {[%cal Rb3c5]} 46.
Rb5 {aiming for Nf4!} Nd4 {Weighted Error Value: White=0.07/Black=0.06} 1/2-1/2

[Event "Skilling Open CCT 2021"]
[Site "Online"]
[Date "2020.11.19"]
[Round "5.2"]
[White "Le, Quang Liem"]
[Black "Karjakin, Sergey"]
[Result "1-0"]
[WhiteElo "2744"]
[BlackElo "2709"]
[Annotator "TA"]
[PlyCount "99"]
[EventDate "2020.11.20"]
[EventType "tourn"]
[EventCountry "NET"]
[Tiebreak "Koya+Number of black wins+Number of wins"]
[SourceTitle "playchess.com"]
[Source "ChessBase"]
[SourceQuality "1"]

{[%evp 20,99,47,32,41,37,31,32,27,0,0,0,0,0,0,0,0,0,0,0,45,32,44,34,82,72,70,
87,194,57,346,332,389,391,359,330,329,325,359,349,374,359,379,363,368,370,375,
362,353,364,440,431,764,782,912,664,768,770,6412,770,2091,999,29990,759,1155,
691,6211,770,770,763,763,763,763,763,763,762,750,595,750,742,741,741]} 1. e4 c5
2. Nf3 d6 3. d4 cxd4 4. Nxd4 Nf6 5. Nc3 Nc6 6. Bg5 e6 7. Qd2 a6 8. O-O-O Bd7 9.
f3 Nxd4 {now scores much better than the old 9...Be7.} 10. Qxd4 Be7 11. h4 h6 {
B67: Sicilian: Richter-Rauzer: 7...a6 8 0-0-0 Bd7, lines without 9 f4 Be7.} 12.
Be3 h5 13. Bg5 Qc7 {White is slightly better.} 14. Kb1 b5 {[%cal Bb7b5,Bb5b4]
[%mdl 32]} 15. Qd2 b4 16. Ne2 a5 {[#]} 17. Nf4 $5 $146 {[%mdl 8] An
interesting novelty.} ({Predecessor:} 17. Nd4 Rb8 18. g3 a4 19. Bh3 O-O 20. g4
hxg4 21. Bxg4 a3 22. Rhg1 Rfc8 23. Qg2 axb2 {0-1 (33) Kriebel,T (2515)
-Czarnota,P (2556) Legnica 2017}) 17... Rb8 18. Rc1 a4 19. c4 bxc3 20. Rxc3 Qb6
21. Bc4 Bc6 {and if ...Bxe4+ works, Black does fine.} 22. Qc2 {Hoping for Bxe6.
} Bd7 23. Rd1 g6 (23... Qa5 $16 {might work better.}) 24. Nd3 (24. Bxe6 $1 $18
Bxe6 25. Nxe6 fxe6 26. e5) 24... d5 $2 {[%mdl 8192] Loses the game.} ({Black
should play} 24... Qa5 $14) 25. Ne5 $1 $18 {[%cal Re4d5]} Rd8 26. exd5 exd5 27.
Nxd7 Rxd7 {[#]} 28. Bxd5 $1 {[%mdl 512]} Kf8 (28... Rxd5 29. Rxd5) 29. Rc8+ ({
Not} 29. Qxa4 Rxd5 30. Rxd5 Nxd5 $16) 29... Kg7 30. Rxh8 $1 Kxh8 31. Bxf7 Rxd1+
32. Qxd1 Kg7 33. Bc4 a3 {[%csl Ga3][%cal Rb6b2]} 34. Qe2 Bb4 35. Qe5 axb2 (
35... Qd6 $142 36. Qxd6 Bxd6) 36. Be3 Qd8 37. Bd4 Bd6 {[#]} 38. Qd5 $1 {
Threatening mate with Qf7+.} Qf8 39. Qe6 (39. g4 $142 Be7 40. gxh5) 39... Be7
40. a4 (40. g4 $142) 40... Qd8 41. Qd5 (41. Qf7+ $142 Kh8 42. Bd5 Qc8 43. Bxb2
Qb8 44. Bc4 Qd8 45. Bb3 Qd3+ 46. Ka2 $1 {[%mdl 512]}) 41... Qe8 {White is
clearly winning.} 42. Bb3 Kh8 {[#]} 43. Bxb2 (43. Qe4 $142 $1 Qf8 44. Qxg6)
43... Kh7 44. Qf7+ Qxf7 45. Bxf7 {KBB-KBN} Nd7 46. a5 Bxh4 47. Bd4 {Strongly
threatening a6.} Nb8 48. Be8 Bd8 49. Bb5 Bxa5 50. Be5 {Weighted Error Value:
White=0.44/Black=0.75} 1-0